000 00666nam a2200229Ia 4500
003 OSt
005 20220928122650.0
006 a|||||r|||| 00| 0
007 ta
008 220927b |||||||| |||| 00| 0 eng d
024 _a135726
037 _cTextual
040 _aSDCL
_cSDCL
_beng
041 _2eng
_aeng
082 _aR:(S:5), N4 RR
100 _aGuttenplan Samuel Ed.
_9398143
245 0 _aCompanion to the philosophy of mind
_b Blackwell companions to philosophy.
260 _aOxford
_bBlackwell
_c1994
300 _axiv,642p.
_ccm.
942 _hR:(S:5), N4 RR
_cTEXL
_2CC
999 _c772136
_d772136